| 000 | 01882nam a2200397 c 4500 | ||
|---|---|---|---|
| 003 | BLK | ||
| 005 | 20180422105311.0 | ||
| 008 | 180409b bul|||||r ||||||| ||bul|| | ||
| 010 | _aKNG00104926000 | ||
| 020 |
_a954-9928-06-3 _bиздат.: Валентин Траянов - (Валентин Траянов) |
||
| 040 | _aBLK | ||
| 041 |
_aBUL _cBUL |
||
| 080 |
_aДраматични театри. Театри за драма и комедия. Вж и 82-2 _b792.2 _x.071.1(497.2)(092)(047.53) _z792.2.071.1(497.2)(092)(047.53) |
||
| 080 |
_aБиографии _b929 _x(497.2) _z929(497.2) |
||
| 700 | 1 |
_aВандов, Никола Иванов _eразговорите води _9370728 |
|
| 700 | 1 |
_aДечева, Виолета Атанасова _eсъавт. _9374599 |
|
| 139 |
_aРежисьорите на 90-те _bР 45 |
||
| 245 | 1 | 0 |
_aРежисьорите на 90-те _cразговорите води Никола Иванов Вандов; съавт. Виолета Атанасова Дечева. |
| 257 | _aBGR | ||
| 260 |
_аСофия _bВалентин Траянов _bФонд. Пространство култура _c2003 _fСофия : Аси Панчо Цекин |
||
| 300 |
_a320 с. _bс портр. _c24 см |
||
| 380 | _a7 | ||
| 500 | _aСъдържа и За авт. - Именен показалец, Показалец на пиеси и спектакли | ||
| 650 | 4 |
_aРежисьори, български _9262647 |
|
| 650 | 4 |
_aРежисура, театрална _9255083 |
|
| 650 | 4 |
_aТеатроведи, български - спомени _9266077 |
|
| 653 | _aрежисьори | ||
| 653 | _aпостановки | ||
| 653 | _aрежисура | ||
| 653 | _aбългарски театър | ||
| 852 | _aЦб 214021 | ||
| 856 | 4 |
_qpdf _u |
|
| 856 | 4 |
_qpdf _u |
|
| 942 |
_cKNG _n0 |
||
| 944 |
_aCR _c01.01.2003 _kГеновева_Генчева |
||
| 944 |
_aED _c11.03.2004 _k |
||
| 999 |
_c99910 _d99910 |
||